Operations fondamentales de la chimie des colorants / (Record no. 63727)

MARC details
000 -LEADER
campo de control de longitud fija 00910nam a2200241 i 4500
001 - NÚMERO DE CONTROL
campo de control 63727
003 - IDENTIFICADOR DE NÚMERO DE CONTROL
campo de control ES-MaACL
005 - FECHA Y HORA DE LA ÚLTIMA TRANSACCIÓN
campo de control 20250818063040.0
007 - CAMPO FIJO DE DESCRIPCIÓN FÍSICA--INFORMACIÓN GENERAL
campo de control de longitud fija t|
008 - DATOS DE LONGITUD FIJA--INFORMACIÓN GENERAL
campo de control de longitud fija 031216s1921 fr ||||1| fre d
040 ## - FUENTE DE CATALOGACIÓN
Centro/agencia transcriptor ES-MaACL
080 ## - NÚMERO DE LA CLASIFICACIÓN DECIMAL UNIVERSAL
Número de la Clasificación Decimal Universal 547.97
100 1# - ENTRADA PRINCIPAL--NOMBRE DE PERSONA
Nombre de persona Fierz, Hans Edouard.
9 (RLIN) 50722
245 10 - MENCIÓN DEL TÍTULO
Título Operations fondamentales de la chimie des colorants /
Mención de responsabilidad, etc. par Hans Edouard Fierz ; traduction française par Camille G. Vernet ; avec 17 figures dans le texte et 19 planches hors texte
260 ## - PUBLICACIÓN, DISTRIBUCIÓN, ETC.
Lugar de publicación, distribución, etc. Paris :
Nombre del editor, distribuidor, etc. Attinger frères,
Fecha de publicación, distribución, etc. 1921
Lugar de fabricación/manufactura (Tours :
Fabricante E. Arrault et Cie.)
300 ## - DESCRIPCIÓN FÍSICA
Extensión XV, 328 páginas, 19 láminas :
Otras características físicas ilustraciones (blanco y negro) ;
Dimensiones 24 cm
650 #7 - PUNTO DE ACCESO ADICIONAL DE MATERIA--TÉRMINO DE MATERIA
Término de materia o nombre geográfico como elemento de entrada Colorantes
Fuente del encabezamiento o término embne
9 (RLIN) 136931
700 1# - ENTRADA AGREGADA--NOMBRE PERSONAL
Nombre de persona Vernet, Camille G.
Término indicativo de función/relación Traductor
9 (RLIN) 114170
852 4# - LOCALIZACIÓN
Ubicación ES-MaACL
Sublocalización o colección R.22881
Ubicación en estantería Depósito 2
Número de control de estantería E-1991
942 ## - ELEMENTOS DE ENTRADA SECUNDARIOS (KOHA)
Tipo de ítem Koha Libro impreso
Suprimir en OPAC No
Holdings
Estatus retirado Estado de pérdida Estado de daño No para préstamo Biblioteca de origen Biblioteca actual Ubicación en estantería Fecha de adquisición Fuente de adquisición Total de préstamos Signatura topográfica completa Código de barras Visto por última vez Precio de reemplazo Tipo de ítem Koha
        Biblioteca del Ateneo de Madrid Biblioteca del Ateneo de Madrid Depósito 2 17/01/2008     E-1991 1066788 23/02/2023 23/02/2023 Libro impreso